Spell the Marvel Character #345 - Statistics

General Stats
  • This quiz has been taken 20 times
  • The average score is 4 of 7
Answer Stats
Picture Answer % Correct
Captain Marvel
100%
Iron Man
95%
Redwing
63%
Omega
47%
Reptil
37%
Rictor
37%
Thor Girl
37%
No matching quizzes found
Score Distribution
Percent of People with Each Score
Percentile by Number Answered
Your Score History
You have not taken this quiz